[Event "USA op"]
[Site "USA"]
[Date "1990.??.??"]
[Round "?"]
[White "Vucic, Mladen"]
[Black "Wagner, Anselm"]
[Result "1-0"]
[WhiteElo "2340"]
[BlackElo "2320"]

1.d4 Nf6 2.c4 e6 3.Nf3 b6 4.Nc3 Bb4 5.Bg5 Bb7 6.e3 c5 7.Bd3 d6 8.O-O Bxc3
9.bxc3 Nbd7 10.Nd2 Qc7 11.f4 O-O-O 12.a4 a5 13.e4 e5 14.fxe5 dxe5 15.d5 Kb8
16.Be2 Ka7 17.Bg4 h6 18.Bh4 g5 19.Bxd7 Nxd7 20.Bg3 Rdf8 21.Rf5 Bc8 22.Nf1 Qd6
23.Ne3 f6 24.Rf2 Nb8 25.Rb1 Rh7 26.Qh5 Rff7 27.h3 Qf8 28.Rbf1 Bd7 29.Bxe5 Bxa4
30.Bxb8+ Kxb8 31.e5  1-0

[Event "Vrnjacka Banja"]
[Site "Vrnjacka Banja"]
[Date "1990.??.??"]
[Round "6"]
[White "Ristic, Nenad"]
[Black "Moutousis, Konstantinos"]
[Result "1-0"]
[WhiteElo "2415"]
[BlackElo "2390"]

1.d4 Nf6 2.c4 e6 3.Nf3 b6 4.Nc3 Bb7 5.Bg5 Bb4 6.e3 h6 7.Bh4 Bxc3+ 8.bxc3 g5
9.Bg3 d6 10.Nd2 Qe7 11.Be2 Nc6 12.Qa4 Kf8 13.Bf3 Qd7 14.Qd1 Kg7 15.h4 Rae8
16.Rb1 e5 17.Kf1 Re7 18.Kg1 Ree8 19.Rb5 Qf5 20.Qb1 Qxb1+ 21.Rxb1 Na5 22.Bxb7 Nxb7
23.hxg5 hxg5 24.Rxh8 Kxh8 25.dxe5 dxe5 26.Nf3 Ne4 27.Bxe5+ f6 28.Bxc7 Rc8
29.Bh2 Nxc3 30.Rb2 Rxc4 31.Bb8 Ra4 32.Rc2 Nb5 33.Nd4 N7d6 34.Rc6 Nxd4 35.exd4 Nb5
36.Rxf6 Nxd4 37.Be5 Kg8 38.Rg6+ Kf8 39.Rxg5 Ne6 40.Rh5 Rxa2 41.f4 a5 42.Rh6 Nxf4
43.Bxf4 b5 44.Ra6 Ke8 45.Be5 b4 46.Rb6 Re2 47.Bf6 Kf7 48.Bd8 Re5 49.Kf2 Rd5
50.Bc7 Ke7 51.g4 Kd7 52.Bf4 Rd4 53.Ke3 Rc4 54.g5 a4 55.g6 b3 56.g7 Rc8 57.Be5 Ke7
58.Ra6  1-0

[Event "URS-chT"]
[Site "Azov"]
[Date "1991.??.??"]
[Round "?"]
[White "Baikov, Vladimir A"]
[Black "Kaiumov, Dmitry D"]
[Result "1/2-1/2"]
[WhiteElo "2355"]
[BlackElo "2405"]

1.d4 Nf6 2.c4 e6 3.Nf3 b6 4.Nc3 Bb7 5.a3 d5 6.cxd5 Nxd5 7.Bd2 Nd7 8.Qc2 Be7
9.e4 Nxc3 10.Bxc3 O-O 11.Rd1 Qc8 12.Bc4 Rd8 13.O-O Ba6 14.Bxa6 Qxa6 15.d5 exd5
16.exd5 Bf6 17.Rfe1 Bxc3 18.Qxc3 Nf6 19.Re5 Qb7 20.Qb3 Rd7 21.Nh4 Re8 22.Rxe8+ Nxe8
23.Nf5 Qc8 24.Re1 Qd8 25.Qb4 Nd6 26.Nxd6 Rxd6 27.Qa4 Kf8 28.Qxa7 Rxd5 29.Qa4 h5
30.h3 g6 31.Qb4+ c5 32.Qc3 Kg8 33.a4 Rd1 34.Kh2 Qd6+ 35.g3 Rxe1 36.Qxe1 h4
37.Qc3 hxg3+ 38.Qxg3 Qf6 39.b3 Kg7 40.Kg2 Qd4 41.Qf3 c4 42.bxc4 Qxc4 43.Qe3 Qc6+
44.Kg3 Kf6 45.h4 Qd6+ 46.Kf3 Kg7 47.Qc3+ f6  1/2-1/2

[Event "Bad Ragaz op"]
[Site "Bad Ragaz"]
[Date "1991.??.??"]
[Round "4"]
[White "Huss, Andreas"]
[Black "Ambroz, Jan"]
[Result "1/2-1/2"]
[WhiteElo "2340"]
[BlackElo "2425"]

1.d4 Nf6 2.Nf3 e6 3.c4 b6 4.Nc3 Bb7 5.a3 g6 6.Qc2 Bxf3 7.gxf3 Bg7 8.Bg5 h6
9.Bh4 O-O 10.f4 Nc6 11.e3 Ne7 12.e4 Nh5 13.Qd2 d6 14.Be2 Nf6 15.O-O-O c6
16.Rhg1 d5 17.e5 Nh7 18.cxd5 cxd5 19.Kb1 a6 20.f5 exf5 21.Bxe7 Qxe7 22.Nxd5 Qd8
23.Bc4 b5 24.Rxg6 bxc4 25.Rxg7+ Kxg7 26.Rg1+ Ng5 27.Nf6 Rh8 28.h4 Rb8 29.hxg5 hxg5
30.Rxg5+ Kf8 31.d5 Qc8 32.d6 f4 33.d7 Qc7 34.Qc3 Qb7 35.b4  1/2-1/2

[Event "Bad Ragaz op"]
[Site "Bad Ragaz"]
[Date "1991.??.??"]
[Round "6"]
[White "Komarov, Dimitri"]
[Black "Huss, Andreas"]
[Result "1/2-1/2"]
[WhiteElo "2475"]
[BlackElo "2340"]

1.d4 e6 2.c4 Nf6 3.Nf3 b6 4.Nc3 Bb4 5.Bg5 h6 6.Bh4 Bb7 7.e3 Bxc3+ 8.bxc3 d6
9.Nd2 Nbd7 10.f3 Qe7 11.Be2 e5 12.e4 O-O-O 13.Nf1 g5 14.Bf2 Nh5 15.Ne3 Nf4
16.Bf1 h5 17.g3 Ne6 18.Qa4 Kb8 19.O-O-O Qf6 20.Be2 g4 21.Nd5 Qg7 22.f4 exf4
23.gxf4 c6 24.Qa3 Nf6 25.Nxf6 Nxf4 26.Bh4 Ng2 27.Nxh5 Qh6+ 28.Kb1  1/2-1/2

[Event "Bad Ragaz op"]
[Site "Bad Ragaz"]
[Date "1991.??.??"]
[Round "8"]
[White "Huss, Andreas"]
[Black "Jurek, Josef"]
[Result "1/2-1/2"]
[WhiteElo "2340"]
[BlackElo "2320"]

1.d4 Nf6 2.Nf3 e6 3.c4 b6 4.Nc3 Bb7 5.a3 d5 6.Bg5 Be7 7.Bxf6 Bxf6 8.cxd5 exd5
9.e3 O-O 10.Be2 c5 11.O-O Nc6 12.dxc5 d4 13.Ne4 dxe3 14.Qxd8 exf2+ 15.Rxf2 Bxd8
16.Nd6 Rb8 17.Bb5 a6 18.Bxc6 Bxc6 19.Ne5 Be8 20.Nxe8 Rxe8 21.Nd7 Rb7 22.c6 Rc7
23.Rc2 Re6 24.Rd1 Rcxc6 25.Nb8 Rcd6 26.Rxd6 Rxd6 27.Rc8 Kf8 28.Nxa6 Ke7 29.Rc2 f5
30.Kf2 Kf6 31.a4 g5 32.Nb8 Ke6 33.Nc6 Bf6 34.b4 Rd3 35.Ra2 Kd6 36.Ke2 Rb3
37.b5 h5 38.Rd2+ Kc5 39.Rc2+ Kd5 40.Rd2+ Ke4 41.Rd6 Rb2+ 42.Rd2 Rb1 43.Rd6 Rb2+
44.Rd2 Rb1 45.Rd6 Rb2+  1/2-1/2

[Event "JUG-ch"]
[Site "Banja Vrucica"]
[Date "1991.??.??"]
[Round "?"]
[White "Nikcevic, Nebojsa"]
[Black "Abramovic, Bosko"]
[Result "0-1"]
[WhiteElo "2440"]
[BlackElo "2520"]

1.d4 Nf6 2.c4 e6 3.Nf3 b6 4.Nc3 Bb7 5.Bf4 d5 6.cxd5 exd5 7.e3 Bd6 8.Bg3 O-O
9.Bd3 c5 10.Nb5 Bxg3 11.hxg3 Nc6 12.Rc1 c4 13.Bb1 a6 14.Nc3 b5 15.Ne5 g6
16.Ng4 Nxg4 17.Qxg4 f5 18.Qf4 Qd7 19.Qh6 Rf7 20.Ne2 Rg7 21.Nf4 Nd8 22.Ne2 Nf7
23.Qf4 Re8 24.b3 Qe7 25.O-O Nd6 26.b4 Nc8 27.a3 a5 28.g4 fxg4 29.Qxg4 axb4
30.axb4 Qxb4 31.Nc3 Nd6 32.Qg5 Nf7 33.Nxd5 Qa5 34.Nf6+ Kh8 35.Qh4 Qd8 36.Qf4 g5
37.Qf5 Nd6 38.Nxe8 Nxf5 39.Nxg7 Nxg7  0-1

[Event "Beersheba-B"]
[Site "Beersheba"]
[Date "1991.??.??"]
[Round "?"]
[White "Gofshtein, Leonid D"]
[Black "Mikhalevski, Victor"]
[Result "1-0"]
[WhiteElo "2440"]
[BlackElo "2410"]

1.d4 Nf6 2.c4 e6 3.Nf3 b6 4.Nc3 Bb7 5.a3 g6 6.d5 Bg7 7.Bf4 O-O 8.d6 c5 9.Qd2 Ne4
10.Nxe4 Bxe4 11.Be5 f6 12.Bc3 e5 13.e3 Nc6 14.Be2 f5 15.b4 cxb4 16.axb4 a5
17.b5 Nb4 18.O-O Bxf3 19.gxf3 e4 20.Bxg7 Kxg7 21.fxe4 fxe4 22.Qd4+ Qf6 23.Qxb6 Nd3
24.Qd4 Rac8 25.Qxe4 Nxf2 26.Qe7+ Qxe7 27.dxe7 Nh3+ 28.Kg2 Rxf1 29.Rxf1 Ng5
30.Rf8  1-0

[Event "Belgrade-B"]
[Site "Belgrade"]
[Date "1991.??.??"]
[Round "11"]
[White "Nestorovic, Dejan"]
[Black "Jovanovic, Sasa D"]
[Result "1-0"]
[WhiteElo "2330"]
[BlackElo "2235"]

1.d4 Nf6 2.Nf3 e6 3.c4 b6 4.Nc3 Bb7 5.Bg5 Bb4 6.e3 Bxc3+ 7.bxc3 h6 8.Bh4 d6
9.Bd3 Nbd7 10.O-O g5 11.Bg3 Nh5 12.Nd2 Nxg3 13.fxg3 Qe7 14.Qh5 Nf6 15.Qe2 Nd7
16.a4 a5 17.c5 dxc5 18.Bb5 Rd8 19.Qh5 c6 20.Bd3 Nf6 21.Qf3 cxd4 22.exd4 Nd5
23.Nc4 O-O 24.Qh5 Kg7 25.Ne5 Nf6 26.Rxf6 Qxf6 27.Ng4 Rxd4 28.Nxf6 Rxd3 29.Rf1  1-0

[Event "Brno Morava-C"]
[Site "Brno"]
[Date "1991.??.??"]
[Round "2"]
[White "Orsag, Milan"]
[Black "Hirsch, Johann"]
[Result "1-0"]
[WhiteElo "2385"]
[BlackElo "2300"]

1.d4 Nf6 2.c4 e6 3.Nf3 b6 4.Nc3 Bb7 5.a3 Be7 6.d5 O-O 7.g3 Re8 8.Bg2 d6 9.O-O c6
10.dxe6 fxe6 11.e4 Na6 12.e5 Ng4 13.exd6 Bxd6 14.Qe2 e5 15.c5 e4 16.Ng5  1-0

[Event "Statisztika"]
[Site "Budapest"]
[Date "1991.??.??"]
[Round "1"]
[White "Petran, Pal"]
[Black "Kovacs, Janos"]
[Result "1/2-1/2"]
[WhiteElo "2415"]
[BlackElo "2345"]

1.d4 Nf6 2.Nf3 e6 3.c4 b6 4.Nc3 Bb7 5.a3 Be7 6.d5 O-O 7.e4 exd5 8.cxd5 Re8
9.Bd3 c6 10.O-O cxd5 11.exd5 d6 12.Nd4 g6 13.Bb5 Nbd7 14.Nc6 Qc7 15.Bg5 h6
16.Bxh6 a6 17.Re1 Bf8 18.Qd2 Bxh6 19.Qxh6 Nc5 20.Bc4 b5 21.Ba2 Nd3 22.Rxe8+ Rxe8
23.Qd2 Ne5 24.Nxe5 Rxe5 25.Re1 Rxe1+ 26.Qxe1 Kg7 27.h3 Qc5 28.b4 Qd4 29.Qe3 Qxe3
30.fxe3 Nd7 31.Ne4 Nb6 32.Nxd6 Bxd5 33.Bxd5 Nxd5 34.Kf2 Nc3 35.Ne8+ Kf8 36.Nc7 Nb1
37.Nxa6 Nxa3 38.Ke2 Ke7 39.Kd3 Kd6 40.Nc5 Nc4 41.Ne4+ Ke5 42.Nc3 Nd6 43.g3 f6
44.e4 f5 45.exf5 Nxf5 46.Ne2 Ne7 47.Nc3 Nc6 48.Na2 Kf5 49.Ke3 g5 50.Nc3 Nxb4
51.Nxb5 Nd5+ 52.Kf3 Nf6 53.Nd6+ Kg6 54.g4 Nd5 55.Ke4 Nc3+ 56.Ke5 Ne2 57.Ne4 Ng1
58.Nf2 Ne2 59.Nd3 Ng1  1/2-1/2

[Event "Budapest IM"]
[Site "Budapest"]
[Date "1991.??.??"]
[Round "5"]
[White "Orso, Miklos"]
[Black "Koch, Thomas"]
[Result "1/2-1/2"]
[WhiteElo "2400"]
[BlackElo "2335"]

1.d4 Nf6 2.c4 e6 3.Nf3 b6 4.Nc3 Bb4 5.Bg5 Bb7 6.e3 h6 7.Bh4 Bxc3+ 8.bxc3 d6
9.Bd3 Qe7 10.O-O Nbd7 11.Nd2 g5 12.Bg3 h5 13.f3 O-O-O 14.Qe2 h4 15.Be1 e5
16.Bf5 Kb8 17.Qd3 Rde8 18.e4 Nh5 19.Bf2 Nf4 20.Qe3 Nf6 21.a4 Bc8 22.Bxc8 Rxc8
23.h3 Rcg8 24.Be1 g4 25.fxg4 Nxg4 26.hxg4 Rxg4 27.Rxf4 exf4 28.Qh3 Rhg8 29.Kf1 Qf6
30.Bf2 Qg6 31.Re1 Rxg2 32.Nf3 Qh5 33.Nxh4 R2g3 34.Bxg3 Rxg3 35.Qh2 Qg4 36.a5 Rh3
37.Qg2 Rxh4 38.Qxg4 Rxg4 39.axb6 axb6 40.e5 dxe5 41.Rxe5 Rg3 42.c5 Rxc3 43.cxb6 cxb6
44.Rf5 Rc7 45.Ke2 Kb7 46.Kd3 Ka6 47.Rxf4 Kb5 48.Rf1 Kc6 49.Rf6+ Kb5 50.Rf1 Kc6  1/2-1/2

[Event "Spring op"]
[Site "Budapest"]
[Date "1991.??.??"]
[Round "5"]
[White "Yuferov, Sergey  N"]
[Black "Zsinka, Laszlo"]
[Result "1-0"]
[WhiteElo "2395"]
[BlackElo "2375"]

1.d4 Nf6 2.c4 e6 3.Nf3 b6 4.Nc3 Bb4 5.e3 Bb7 6.Bd3 Ne4 7.O-O Bxc3 8.bxc3 O-O
9.Nd2 f5 10.f3 Nxd2 11.Bxd2 d6 12.Qb3 c5 13.a4 a5 14.e4 fxe4 15.fxe4 Nd7
16.Rxf8+ Nxf8 17.Rb1 Nd7 18.Qd1 Bc8 19.Qh5 Nf6 20.Qh4 Ra7 21.e5 dxe5 22.Bxh7+ Kf8
23.Bg6 Kg8 24.dxe5 Qxd2 25.exf6 gxf6 26.Qxf6 Rg7 27.Rf1 Qd6 28.Bf7+ Kh8 29.h4 Qd2
30.Qf3 Qh6 31.h5 Qg5 32.Qc6 Bd7 33.Qa8+ Kh7 34.Bg6+ Rxg6 35.hxg6+ Qxg6 36.Qf8 Be8
37.Qe7+ Kh6 38.Rf6  1-0

[Event "Statisztika"]
[Site "Budapest"]
[Date "1991.??.??"]
[Round "5"]
[White "Izsak, Gyula"]
[Black "Peters, Carsten"]
[Result "1/2-1/2"]
[WhiteElo "2285"]
[BlackElo "2275"]

1.d4 Nf6 2.c4 e6 3.Nf3 b6 4.Nc3 Bb7 5.e3 Bb4 6.Bd2 O-O 7.Bd3 d6 8.O-O Nbd7
9.a3 Bxc3 10.Bxc3 Qe7 11.Re1 e5 12.Bf1 Ne4 13.Rc1 Nxc3 14.bxc3 Kh8 15.e4 Rfe8
16.Bd3 c5 17.d5 Bc8 18.Nd2 Nf8 19.Nf1 Ng6 20.Ng3 Bd7 21.Ra1 Qg5 22.Be2 Nf4
23.Bf3 g6 24.Ne2 h5 25.Nxf4 exf4 26.Qd2 Re5 27.Kh1 h4 28.Rg1 Kg7 29.a4 a5
30.g3 hxg3 31.fxg3 fxg3 32.Qxg5 Rxg5 33.Rxg3 Rxg3 34.hxg3 Kf6 35.Bd1 Ke5
36.Bc2 Bg4 37.Rf1 Rh8+ 38.Kg1 f6 39.Rf2 g5 40.Kg2 Bd7 41.Rf3  1/2-1/2

[Event "Budapest Kasparov"]
[Site "Budapest"]
[Date "1991.??.??"]
[Round "11"]
[White "Reeh, Oliver"]
[Black "Vadasz, Laszlo"]
[Result "1/2-1/2"]
[WhiteElo "2470"]
[BlackElo "2385"]

1.d4 Nf6 2.c4 e6 3.Nf3 b6 4.Nc3 Bb4 5.Bg5 Bb7 6.e3 Bxc3+ 7.bxc3 d6 8.Nd2 Nbd7
9.f3 c5 10.e4 e5 11.d5 Qe7 12.Qa4 Kd8 13.Bd3 Kc7 14.h4 h6 15.Be3 Nh5 16.Kf2 g6
17.Rab1 Ng7 18.g4 Raf8 19.Ke2 f5 20.gxf5 gxf5 21.exf5 Nxf5 22.Bxf5 Rxf5 23.Ne4 Kb8
24.Rbg1 Rff8 25.Rg6 Nf6 26.Rhg1 Nxe4 27.fxe4 Rf6 28.Rxf6 Qxf6 29.Qd7 Bc8
30.Qg7 Qxg7 31.Rxg7 h5 32.Bg5 Bg4+ 33.Kd2 Rf8 34.Be7 Rf2+ 35.Ke3 Rf3+ 36.Kd2 Rf2+
37.Ke3 Rf3+ 38.Kd2  1/2-1/2

[Event "Cansys IM-B"]
[Site "Budapest"]
[Date "1991.??.??"]
[Round "12"]
[White "Stajcic, Nikola"]
[Black "Summermatter, Daniel"]
[Result "0-1"]
[WhiteElo "2345"]
[BlackElo "2320"]

1.d4 Nf6 2.Nf3 e6 3.c4 b6 4.Nc3 Bb7 5.a3 d5 6.cxd5 Nxd5 7.Qa4+ c6 8.Nxd5 Qxd5
9.g3 b5 10.Qc2 c5 11.dxc5 Qxc5 12.Qxc5 Bxc5 13.b4 Be7 14.Bb2 O-O 15.Rc1 a5
16.Rc7 Bxf3 17.exf3 Bd6 18.Rb7 axb4 19.axb4 Ra2 20.Bc3 Rc8 21.Bxb5 Rxc3 22.O-O Rc8
23.Rd1 Bxb4 24.Bc4 Rd2 25.Ra1 Bc5 26.Ra8 Rdd8 27.f4 g6 28.g4 Bd6  0-1

[Event "Buenos Aires Konex"]
[Site "Buenos Aires"]
[Date "1991.??.??"]
[Round "5"]
[White "Soppe, Guillermo"]
[Black "Sunye Neto, Jaime"]
[Result "1/2-1/2"]
[WhiteElo "2420"]
[BlackElo "2475"]

1.d4 Nf6 2.c4 e6 3.Nf3 b6 4.Nc3 Bb7 5.a3 g6 6.Bf4 Bg7 7.e3 O-O 8.h3 d6 9.Be2 Nbd7
10.O-O Ne4 11.Nxe4 Bxe4 12.Bh2 Qe7 13.Qa4 e5 14.Nd2 Bb7 15.Bf3  1/2-1/2

[Event "Buenos Aires Konex"]
[Site "Buenos Aires"]
[Date "1991.??.??"]
[Round "7"]
[White "Soppe, Guillermo"]
[Black "Debarnot, Roberto"]
[Result "1-0"]
[WhiteElo "2420"]
[BlackElo "2355"]

1.d4 Nf6 2.c4 e6 3.Nf3 b6 4.Nc3 Bb4 5.Qb3 c5 6.a3 Ba5 7.Bg5 Nc6 8.O-O-O Bxc3
9.d5 Be5 10.dxc6 Bc7 11.e3 h6 12.Bh4 Qe7 13.Qa4 d6 14.Bd3 g5 15.Bg3 Nh5 16.Be2 f5
17.Nd2 Nf6 18.h4 g4 19.f3 h5 20.Nb1 a6 21.Nc3 O-O 22.Bf4 Rb8 23.Bh6 Rf7 24.Bg5 Qf8
25.e4 fxe4 26.fxe4 Nh7 27.Qc2 Qg7 28.Be3 Nf8 29.Rhf1 Rxf1 30.Rxf1 Bd8 31.Qd2 Qc7
32.Bh6 Nh7 33.e5 d5 34.cxd5 Qxe5 35.Bf4  1-0

[Event "JUG-chT Cetinje"]
[Site "Cetinje"]
[Date "1991.??.??"]
[Round "3"]
[White "Kozul, Zdenko"]
[Black "Razuvaev, Yuri S"]
[Result "1-0"]
[WhiteElo "2580"]
[BlackElo "2585"]

1.d4 Nf6 2.c4 e6 3.Nf3 b6 4.Nc3 Bb7 5.a3 d5 6.cxd5 Nxd5 7.e3 g6 8.Bb5+ c6
9.Nxd5 exd5 10.Bd3 Bg7 11.e4 O-O 12.e5 c5 13.O-O Nc6 14.Re1 c4 15.Bc2 b5
16.Ng5 h6 17.Nh3 a5 18.Nf4 Ne7 19.Qf3 Ra6 20.h4 Bc8 21.Be3 f6 22.Rad1 fxe5
23.dxe5 Bf5 24.Bxf5 Rxf5 25.Bc5 Kh7 26.h5 g5 27.Bxe7 Qxe7 28.Nxd5 Rxf3 29.Nxe7 Rd3
30.Ng6 Re6 31.Rxd3 cxd3 32.Rd1  1-0

[Event "Cheliabinsk-A"]
[Site "Cheliabinsk"]
[Date "1991.??.??"]
[Round "?"]
[White "Vyzmanavin, Alexey"]
[Black "Ikonnikov, Vyacheslav"]
[Result "1/2-1/2"]
[WhiteElo "2590"]
[BlackElo "2480"]

1.d4 Nf6 2.Nf3 e6 3.c4 b6 4.Nc3 Bb7 5.Bg5 Be7 6.e3 O-O 7.Bd3 c5 8.O-O cxd4
9.exd4 d5 10.Bxf6 Bxf6 11.cxd5 exd5 12.Qb3 Nc6 13.Qxd5 Qxd5 14.Nxd5 Bxd4
15.Nxd4 Nxd4 16.Ne3 Rfd8  1/2-1/2

[Event "Cheliabinsk-A"]
[Site "Cheliabinsk"]
[Date "1991.??.??"]
[Round "?"]
[White "Kantorik, Marian"]
[Black "Ionov, Sergey"]
[Result "0-1"]
[WhiteElo "2375"]
[BlackElo "2510"]

1.d4 Nf6 2.Nf3 e6 3.c4 b6 4.Nc3 Bb4 5.Bg5 h6 6.Bh4 Bb7 7.e3 g5 8.Bg3 Ne4
9.Qc2 Bxc3+ 10.bxc3 Nxg3 11.hxg3 Nc6 12.Bd3 Qe7 13.O-O-O Na5 14.Rh5 O-O-O
15.Rdh1 g4 16.Ne5 Rdg8 17.c5 d6 18.cxd6 cxd6 19.Nc4 Nxc4 20.Bxc4 Rg6 21.Bd3 Rf6
22.e4 e5 23.R1h4 exd4 24.cxd4+ Kb8 25.Kb1 Rc8 26.Qe2 d5 27.exd5 Qb4+  0-1

[Event "Chiasso op"]
[Site "Chiasso"]
[Date "1991.??.??"]
[Round "3"]
[White "Huss, Andreas"]
[Black "Summermatter, Daniel"]
[Result "1/2-1/2"]
[WhiteElo "2340"]
[BlackElo "2320"]

1.d4 Nf6 2.Nf3 e6 3.c4 b6 4.Nc3 Bb7 5.a3 d5 6.Bg5 Be7 7.Bxf6 Bxf6 8.cxd5 exd5
9.e3 O-O 10.Be2 Qe7 11.O-O Rd8 12.b4 c5 13.bxc5 bxc5 14.Rb1 Bc6 15.Bb5 a6
16.Bxc6 Nxc6 17.Qa4 Qd7 18.Rfd1 Rac8 19.h3 cxd4 20.exd4 Qa7 21.Rbc1 Qb6 22.Rc2 Ne7
23.Re1 Rc4 24.Nxd5 Rxa4 25.Nxb6 Rxa3 26.Rce2 Rb3 27.Nc4 Kf8 28.Re4 g6 29.Nfe5 h5
30.Ra1 Ra8 31.Nd6 Bxe5 32.dxe5 g5 33.h4 gxh4 34.Rxh4 Ng6 35.Rxh5 Rb6 36.f4 Rd8
37.g3 Kg8 38.Rg5 Kf8 39.Rf5 Rd7 40.Ra2 Kg7 41.Rg5 f6 42.exf6+ Kxf6 43.Ne4+ Ke7
44.Nc5 Rd4 45.Re2+ Kf7 46.Rf5+ Rf6 47.Rxf6+ Kxf6 48.Ne6 Rd6 49.Ng5 Kf5 50.Nh3 a5
51.Ra2 Ra6 52.Ra4 Ne7 53.Nf2 Nd5 54.g4+ Ke6 55.Nd3 Ra8 56.Kf2 Nb6 57.Rd4 a4
58.Nc5+ Ke7 59.Rb4 Kd6 60.Rxb6+ Kxc5 61.Rb1 a3 62.Ke3 a2  1/2-1/2

[Event "Copenhagen op"]
[Site "Copenhagen"]
[Date "1991.??.??"]
[Round "2"]
[White "Clausen, Steen"]
[Black "Green, P."]
[Result "1/2-1/2"]
[WhiteElo "2250"]
[BlackElo "2225"]

1.d4 Nf6 2.c4 e6 3.Nf3 b6 4.Nc3 Bb4 5.Bg5 Bb7 6.Qb3 c5 7.dxc5 Bxc5 8.e3 Na6
9.Be2 O-O 10.O-O Be7 11.Rfd1 Nc5 12.Qc2 Nce4 13.Nxe4 Bxe4 14.Bd3 Bxf3 15.gxf3 h6
16.Bh4 Qc7 17.Rac1 Rac8 18.f4 Rfd8 19.f5 Qc6 20.Qe2 Qc5 21.Qf3 Qe5 22.b3 Ba3
23.Rc2 Bb4 24.Kh1 Be7 25.Rg1 Kh8 26.Qh3 exf5 27.f4 Qe6 28.Bxf5 Qc6+ 29.Rcg2 Rg8
30.Be1 Bc5 31.Bc3 Rce8  1/2-1/2

[Event "FRA-chT"]
[Site "FRA"]
[Date "1991.??.??"]
[Round "?"]
[White "Ostermann, P."]
[Black "Luce, Sebastien"]
[Result "0-1"]
[WhiteElo "2010"]
[BlackElo "2420"]

1.Nf3 Nf6 2.c4 b6 3.d4 e6 4.Nc3 Bb4 5.Bg5 Bb7 6.e3 Bxc3+ 7.bxc3 d6 8.Bd3 Nbd7
9.Qc2 h6 10.Bh4 Qe7 11.e4 e5 12.O-O g5 13.Bg3 Nh5 14.c5 a6 15.Rab1 Nf4 16.Bxf4 gxf4
17.g3 dxc5 18.Nh4 Kf8 19.Nf5 Qg5 20.Be2 Re8 21.Bf3 Bc8 22.Kh1 Bb7 23.Rg1 exd4
24.cxd4 Qxf5 25.exf5 Bxf3+ 26.Rg2 Re2 27.Qd3 Rxf2 28.Rd1 fxg3 29.dxc5 Rg8
30.h3 Nxc5 31.Qd8+ Kg7 32.f6+ Kh8 33.Qxc7  0-1

[Event "ISL-ch"]
[Site "Gardabaer"]
[Date "1991.??.??"]
[Round "1"]
[White "Gretarsson, Helgi Ass"]
[Black "Olafsson, Helgi"]
[Result "0-1"]
[WhiteElo "2260"]
[BlackElo "2595"]

1.d4 Nf6 2.c4 e6 3.Nf3 b6 4.Nc3 Bb7 5.Bg5 h6 6.Bh4 g5 7.Bg3 Nh5 8.e4 Nxg3
9.hxg3 Bg7 10.Qd3 g4 11.Nd2 Nc6 12.Nb3 a5 13.a4 Nb4 14.Qd2 Qg5 15.Qxg5 hxg5
16.Rxh8+ Bxh8 17.Kd2 f5 18.Re1 O-O-O 19.f3 gxf3 20.gxf3 Rf8 21.Be2 Nc6 22.e5 d6
23.f4 dxe5 24.dxe5 Bg7 25.Bf3 gxf4 26.Bxc6 Bxc6 27.gxf4 Rh8 28.Nd4 Bd7 29.Rg1 Rh2+
30.Nde2 Bh6 31.Ke3 Kb7 32.Rg6 Bf8 33.b3 Bb4 34.Kd4 Bc6 35.Rg3 Ba3 36.Kd3 Bb2
37.Nd1 Be4+ 38.Kd2 Ba3 39.Nc3 Bb4 40.Ke3 Bc2 41.Nb5 Be1  0-1

[Event "Troll Masters"]
[Site "Gausdal"]
[Date "1991.??.??"]
[Round "4"]
[White "Reeh, Oliver"]
[Black "Ivanov, Alexander"]
[Result "0-1"]
[WhiteElo "2470"]
[BlackElo "2525"]

1.d4 Nf6 2.c4 e6 3.Nf3 b6 4.Nc3 Bb7 5.Bg5 h6 6.Bh4 Be7 7.Qc2 c5 8.dxc5 bxc5
9.e3 O-O 10.Be2 Nc6 11.a3 Nh5 12.Bxe7 Qxe7 13.O-O f5 14.Ne1 Nf6 15.Nd3 a5
16.f4 g5 17.Ne5 gxf4 18.Nxc6 Bxc6 19.exf4 Qg7 20.Bf3 Ne4 21.Rad1 Rab8 22.Kh1 Kh8
23.Nxe4 fxe4 24.Bxe4 Rxb2 25.Qd3 Rxg2 26.Bxc6 dxc6 27.Qe4 Rg8 28.Qe5 Qxe5
29.fxe5 R2g5 30.Rfe1 Rg4 31.Rd6 R8g6 32.Rxc6 Rxc4 33.Rd1 h5 34.Rg1 Kh7 35.Rxg6 Kxg6
36.Rxe6+ Kf5 37.Ra6 Kxe5 38.Rxa5 Rc2 39.Ra8 Kd4 40.Rd8+ Kc3 41.Rd5 c4 42.Rxh5 Kb3
43.Rb5+ Kxa3 44.Rb8 Rd2 45.Rc8 Kb3  0-1

[Event "Troll Masters"]
[Site "Gausdal"]
[Date "1991.??.??"]
[Round "5"]
[White "Gausel, Einar"]
[Black "Aaberg, Anton"]
[Result "1-0"]
[WhiteElo "2425"]
[BlackElo "2235"]

1.d4 Nf6 2.c4 e6 3.Nf3 b6 4.Nc3 Bb4 5.Bg5 Bb7 6.e3 Bxc3+ 7.bxc3 d6 8.Nd2 Nbd7
9.Bh4 h6 10.f3 Qe7 11.Bd3 O-O 12.e4 e5 13.O-O Rfe8 14.Re1 g5 15.Bf2 Nf8 16.Nf1 Ne6
17.Ne3 Ng7 18.Rb1 Bc8 19.Bc2 Rf8 20.Ba4 Be6 21.Bc6 Rab8 22.Qa4 a5 23.Qa3 exd4
24.cxd4 Nfh5 25.e5 Qd8 26.exd6 cxd6 27.g3 Qc7 28.d5 Bc8 29.Nc2 Ba6 30.Qb3 Nf6
31.Nd4 Rfc8 32.Qc3 Qd8 33.Rb2 Nd7 34.Nb5 Nc5 35.Rbe2 Qf8 36.Bd4 Rxc6 37.Bxg7  1-0

[Event "Arnold Cup"]
[Site "Gausdal"]
[Date "1991.??.??"]
[Round "7"]
[White "Loeffler, Stefan"]
[Black "Ostenstad, Berge"]
[Result "1-0"]
[WhiteElo "2285"]
[BlackElo "2500"]

1.d4 Nf6 2.c4 e6 3.Nf3 b6 4.Nc3 Bb4 5.Bg5 Bb7 6.Qc2 h6 7.Bh4 g5 8.Bg3 Ne4
9.Be5 f6 10.d5 fxe5 11.Qxe4 Qf6 12.h4 g4 13.Nxe5 d6 14.Qg6+ Qxg6 15.Nxg6 Rg8
16.Nf4 e5 17.Nh5 Bxc3+ 18.bxc3 Nd7 19.e3 Ke7 20.Ng3 Nc5 21.h5 Raf8 22.Be2 Bc8
23.Rd1 Rg7 24.Rd2 Rg5 25.Bd1 Ba6 26.Bb3 Kd7 27.Rh4 Ke7 28.Ke2 Rg7 29.e4 Bc8
30.Ke3 Kf6 31.Rh1 Kg5 32.f3 gxf3 33.gxf3 Kf6 34.Rg1 Rfg8 35.Kf2 Rg5 36.Bd1 Bd7
37.Be2 Ke7 38.Rdd1 Rf8 39.Bf1 Rf4 40.Rh1 Rg7 41.Bh3 Bxh3 42.Rxh3 Rgf7 43.Nf5+ R7xf5
44.exf5 Ne4+ 45.Kg2 Ng5 46.Rg3 Rxc4 47.Rg4 e4 48.fxe4 Nf7 49.Rd3 Ne5 50.Rg7+ Kf6
51.Rdg3 Rxe4 52.Rxc7 Ra4 53.Kh3 Kxf5 54.Rh7 Ke4 55.Rxh6 Kxd5 56.Rg2 Rc4 57.Rd2+ Kc5
58.Rhxd6 Rxc3+ 59.Kg2 Nc4 60.R6d5+ Kb4 61.R5d4 Re3  1-0

[Event "BL2-W9091"]
[Site "Germany"]
[Date "1991.??.??"]
[Round "?"]
[White "Nautsch, Werner"]
[Black "Thiel, Kuno"]
[Result "0-1"]
[WhiteElo "2340"]
[BlackElo "2330"]

1.d4 Nf6 2.c4 e6 3.Nf3 b6 4.Nc3 Bb4 5.Qc2 Bb7 6.Bg5 h6 7.Bh4 g5 8.Bg3 Ne4
9.Nd2 Bxc3 10.bxc3 f5 11.f3 Nxd2 12.Qxd2 d6 13.e3 Nd7 14.Bd3 Qf6 15.e4 f4
16.Bf2 c5 17.Bc2 Bc6 18.O-O e5 19.Qd1 O-O-O 20.a4 a5 21.Rb1 Kc7 22.Bd3 h5
23.d5 Bb7 24.Be2 Rdg8 25.Be1 Ba6 26.Rf2 Qg6 27.Bd3 g4 28.Rfb2 Rb8 29.Bh4 Rhg8
30.Qe2 g3 31.Rf1 gxh2+ 32.Kxh2 Nf6 33.Rh1 Bc8 34.Kg1 Rh8 35.Qe1 Bd7 36.Bc2 Nh7
37.Bd1 Qe8 38.Ra2 Rg8 39.Rh2 Qf7 40.Kh1 Rg7 41.Rb2 Rbg8 42.Qf2 Qe8 43.Qc2 Qf7
44.Qb1 Rb8 45.Qc2 Kb7 46.Qb1 Ka7 47.Bd8 Rxd8 48.Rxb6 Be8 49.g4 fxg3 50.Rhb2 g2+
51.Kg1 Ng5 52.Rb7+ Qxb7 53.Rxb7+ Rxb7 54.Qc1 Nh3+ 55.Kxg2 Nf4+  0-1

[Event "BL2-SW9091"]
[Site "Germany"]
[Date "1991.??.??"]
[Round "?"]
[White "Legde, Georg"]
[Black "Pioch, Thomas"]
[Result "1/2-1/2"]
[WhiteElo "2265"]
[BlackElo "2230"]

1.Nf3 Nf6 2.c4 b6 3.d4 e6 4.Nc3 Bb7 5.g3 Be7 6.Bg2 Ne4 7.Qc2 Nxc3 8.Qxc3 O-O
9.O-O c5 10.Bf4 d6 11.Rad1 Qc7 12.dxc5 bxc5 13.Ng5 Bxg2 14.Kxg2 e5 15.Qd3 Qb7+
16.f3 f5 17.Bc1 h6 18.Nh3 Na6 19.Nf2 Nb4 20.Qb1 Nc6 21.e3 Rab8 22.Rd3 Qa6
23.Rc3 Qc8 24.a3 Rb6 25.Qc2  1/2-1/2

[Event "Regionalliga NordS"]
[Site "Germany"]
[Date "1991.??.??"]
[Round "?"]
[White "Von Herman, Ulf"]
[Black "Heilemann, Manfred"]
[Result "0-1"]
[WhiteElo "2205"]
[BlackElo "2275"]

1.d4 Nf6 2.c4 e6 3.Nf3 b6 4.Nc3 Bb4 5.Bg5 Bb7 6.e3 h6 7.Bh4 Bxc3+ 8.bxc3 d6
9.Nd2 Nbd7 10.f3 Qe7 11.Bd3 g5 12.Bf2 h5 13.Qe2 h4 14.h3 Nh5 15.a4 a5 16.Be4 Bxe4
17.fxe4 e5 18.Rb1 Kf8 19.Qg4 Nhf6 20.Qf5 Rh5 21.Qf3 Re8 22.Ke2 Rh6 23.Kd3 Qe6
24.Rb5 Kg7 25.Re1 Reh8 26.Nf1 c6 27.d5 Qe8 28.dxc6 Nc5+ 29.Kc2 Qxc6 30.Nd2 Nxa4
31.Reb1 Nd7 32.Qf5 Rg6 33.Rd5 Nf6 34.Rbb5 Nc5 35.Be1 Nxd5 36.exd5 Qd7 37.e4 Rf6
38.Qxg5+ Rg6 39.Qe3 Rxg2 40.Qf3 Rg6 41.Bf2 Qd8 42.Qf5 Nd7 43.Nf3 Rg2 44.Ne1 Rg5
45.Qf3 a4 46.Rb4 Nc5 47.Ng2 a3 48.Kb1 Kf8 49.Ne3 Rhg8 50.Ng4 R5g6 51.Ka2 Kg7
52.Ne3 Kf8 53.Ng4 Kg7 54.Ne3 Rh8 55.Nf5+ Kg8 56.Rb1 Kf8 57.Rf1 Qd7 58.Bxc5 dxc5
59.d6 Qa4 60.Ne3 f6 61.Qf5 Kg7 62.Qe6 Re8 63.Qd5 Rd8 64.Rf2 Qe8 65.Nf5+ Kh8
66.Ne7 Rg7 67.Rxf6 Qh5 68.Rf5 Qe2+ 69.Kxa3 Kh7 70.Rf7 Qg2 71.Rf5 Qe2 72.Kb3 b5
73.cxb5  0-1

[Event "Guildford"]
[Site "Guildford"]
[Date "1991.??.??"]
[Round "?"]
[White "Parker, Jonathan"]
[Black "Kosashvili, Yona"]
[Result "1-0"]
[WhiteElo "2335"]
[BlackElo "2475"]

1.d4 Nf6 2.c4 e6 3.Nf3 b6 4.Nc3 Bb4 5.Bg5 Bb7 6.e3 Bxc3+ 7.bxc3 d6 8.Nd2 h6
9.Bh4 Nbd7 10.f3 O-O 11.Bd3 Qe8 12.e4 Nh5 13.O-O Nf4 14.Bc2 e5 15.Re1 Qe6
16.Bg3 g5 17.Bb3 Qg6 18.Nf1 Nf6 19.Ne3 N6h5 20.Qd2 Ng7 21.Rad1 Rae8 22.c5 bxc5
23.dxc5 Rd8 24.cxd6 Rxd6 25.Qc2 Ba6 26.Bxf4 gxf4 27.Nd5 Kh8 28.Qf2 Ne6 29.Ne7 Qg5
30.Rxd6 cxd6 31.Nf5 Nc5 32.Rd1 Nd3 33.Qc2 Rg8 34.Bxf7 Rb8 35.Bb3 d5 36.Rxd3 dxe4
37.fxe4 Bxd3 38.Qxd3 Rd8 39.Qf3 Rd2 40.h3 h5 41.c4 Rb2 42.c5 Rb1+ 43.Kh2 Rc1
44.Bf7 Rxc5 45.Bxh5 Qg8 46.Qd3 Rc6 47.Bg4 Qe8 48.Qd5 Rf6 49.Bh5 Qb8 50.Qd7 Qg8
51.Bg4 Qf7 52.Qd8+ Kh7 53.Bh5  1-0